Miss possessive - Tate McRae Lyrics - Statistics

General Stats
  • This quiz has been taken 70 times
  • The average score is 185 of 213
Answer Stats
Answer % Correct
a
100%
I
100%
miss
100%
No
100%
possessive
100%
you
100%
your
100%
baby
98%
get
98%
him
98%
I'm
98%
man
98%
my
98%
of
98%
off
98%
the
98%
eyes
96%
go
96%
hands
96%
keep
94%
so
94%
girl
91%
we're
91%
don't
89%
floor
89%
friends
89%
just
89%
look
89%
not
89%
or
89%
star
89%
that
89%
think
89%
what
89%
at
87%
else
87%
fuck
87%
in
87%
it
87%
learn
87%
lesson
87%
opposite
87%
pretty
87%
tryin'
87%
and
85%
hard
85%
know
85%
me
85%
notice
85%
seriously
85%
yes
85%
actin'
83%
ceilin'
83%
feelin'
83%
funny
83%
how
83%
like
83%
anyone
81%
are
81%
blues
81%
gon'
81%
take
81%
when
81%
you're
81%
be
79%
win
79%
never
77%
drinks
74%
gonna
74%
two
74%
am
72%
can't
72%
oh
72%
some
72%
undressin'
72%
walks
72%
whoever
72%
generous
70%
'round
70%
runnin'
70%
seen
70%
tryna
70%
until
70%
up
70%
fights
68%
haven't
68%
home
68%
leave
68%
nice
68%
side
68%
tellin'
68%
forgot
66%
1
64%
alone
64%
tonight
64%
yeah
64%
better
60%
or anyone
21%
it'll
4%
No matching quizzes found
Score Distribution
Percent of People with Each Score
Percentile by Number Answered
Your Score History
You have not taken this quiz